Statistics for Divided World City Name Puzzle #1

Click here to take the quiz!

General Stats

  • This quiz has been taken 2,904 times
  • The average score is 14 of 20

Answer Stats

World City% Correct
AMSTERDAMAmsterdam
100%
MELBOURNEMelbourne
96%
JOHANNESBURGJohannesburg
94%
CASABLANCACasablanca
84%
SAOPAULOSão Paulo
83%
BORDEAUXBordeaux
80%
CHRISTCHURCHChristchurch
79%
MANCHESTERManchester
78%
VANCOUVERVancouver
78%
JERUSALEMJerusalem
78%
BRASILIABrasilia
75%
RIODEJANEIRORio de Janeiro
70%
HONGKONGHong Kong
64%
ZURICHZurich
64%
SANDIEGOSan Diego
60%
SANTODOMINGOSanto Domingo
58%
DARESSALAAMDar-es-Salaam
57%
GUADALAJARAGuadalajara
40%
BENGALURUBengaluru
29%
MEDINAMedina
29%

Score Distribution

Percentile by Number Answered

Percent of People with Each Score

Your Score History

You have not taken this quiz